| 000 | 01024nas a2200337 4500 | ||
|---|---|---|---|
| 001 | BR2012003612 | ||
| 003 | BR-BrBNA | ||
| 005 | 20231205120558.0 | ||
| 007 | ta | ||
| 008 | 230509b bl.|||p| |||| 00| 00por d | ||
| 040 |
_aBR-BrBNA _bpor _cBiblioteca Nacional de Agricultura |
||
| 041 | _a(En) | ||
| 072 | _aF30; U40 | ||
| 100 | 1 | _aNunes, R.S.C. | |
| 100 | 1 | _aPinhati, F.R. | |
| 100 | 1 | _aGolinelli, L.P. | |
| 100 | 1 | _aRebouças, T.N.H. | |
| 100 | 1 | _aPaschoalin, V.M.F. | |
| 100 | 1 | _aSilva, J.T. da | |
| 245 | 1 | _aPolymorphic microsatellites of analysis in cultivars of taro | |
| 246 | 1 | _aPolymorphic microsatellites of analysis in cultivars of taro | |
| 650 | _aTARO | ||
| 650 | _aCOLOCASIA ESCULENTA | ||
| 650 | _aMELHORAMENTO VEGETAL | ||
| 650 | _aGERMOPLASMA | ||
| 650 | _aPOLIMORFISMO | ||
| 650 | _aSATÉLITE | ||
| 773 | 0 |
_tHorticultura Brasileira (Brazil) _xISSN 0102-0536 _g(Jan-Mar 2012), v. 30(1) p. 106-111 _wBR2012003612 |
|
| 909 |
_a202311 _bLúcia _c55 _dLúcia Elande |
||
| 942 |
_2AGRIS _n0 _cANA |
||
| 999 |
_c219227 _d219227 |
||